Statistics for JRAのオープンステークス競走

Click here to take the quiz!

General Stats

  • This quiz has been taken 32 times
  • The average score is 35 of 153

Answer Stats

AnswerHint% Correct
フェブラリーステークス
77%
小倉2歳ステークス
62%
福島牝馬ステークス
58%
ステイヤーズステークス
58%
朝日杯フューチュリティステークス
58%
中山牝馬ステークス
58%
京都牝馬ステークス
58%
函館2歳ステークス
58%
スプリンターズステークス
54%
マーチステークス
54%
ホープフルステークス
54%
府中牝馬ステークス
50%
メイステークス
50%
札幌2歳ステークス
50%
京都2歳ステークス
50%
新潟2歳ステークス
50%
シリウスステークス
46%
ダイヤモンドステークス
46%
スプリングステークス
46%
中京2歳ステークス
46%
福島2歳ステークス
46%
ジャニュアリーステークス
42%
富士ステークス
42%
オクトーバーステークス
42%
ディセンバーステークス
42%
東海ステークス
42%
ジュライステークス
38%
平安ステークス
38%
みやこステークス
38%
函館スプリントステークス
38%
ターコイズステークス
38%
ローズステークス
38%
プロキオンステークス
38%
スワンステークス
38%
武蔵野ステークス
35%
万葉ステークス
35%
クイーンステークス
35%
カペラステークス
35%
フローラステークス
35%
オーシャンステークス
35%
根岸ステークス
35%
若駒ステークス
35%
六甲ステークス
31%
新潟牝馬ステークス
31%
ベテルギウスステークス
31%
フェアリーステークス
31%
すみれステークス
31%
マーメイドステークス
31%
セントウルステークス
31%
ポートアイランドステークス
31%
レパードステークス
31%
ステークス
31%
ユニコーンステークス
31%
京王杯2歳ステークス
31%
東京スポーツ杯2歳ステークス
31%
淀短距離ステークス
27%
アンタレスステークス
27%
プリンシパルステークス
27%
千葉ステークス
27%
霜月ステークス
27%
シルクロードステークス
27%
ながつきステークス
23%
ファルコンステークス
23%
韋駄天ステークス
23%
大阪城ステークス
23%
師走ステークス
23%
仁川ステークス
23%
デイリー杯2歳ステークス
23%
白百合ステークス
19%
リゲルステークス
19%
朱鷺ステークス
19%
若葉ステークス
19%
栗東ステークス
19%
紅梅ステークス
19%
アルテミスステークス
19%
スイートピーステークス
19%
紫苑ステークス
19%
エルムステークス
19%
メトロポリタンステークス
19%
米子ステークス
15%
安土城ステークス
15%
アハルテケステークス
15%
大沼ステークス
15%
春雷ステークス
15%
芙蓉ステークス
15%
阿蘇ステークス
15%
丹頂ステークス
15%
アネモネステークス
15%
バレンタインステークス
15%
アルデバランステークス
15%
ニューイヤーステークス
15%
タンザナイトステークス
15%
ヒヤシンスステークス
15%
ラピスラズリステークス
15%
ファンタジーステークス
12%
マーガレットステークス
12%
ポルックスステークス
12%
名古屋城ステークス
12%
カノープスステークス
12%
太秦ステークス
12%
クロッカスステークス
12%
信越ステークス
12%
エルフィンステークス
12%
野路菊ステークス
8%
カシオペアステークス
8%
りんくうステークス
8%
マリーンステークス
8%
昇竜ステークス
8%
三ノ宮ステークス
8%
天保山ステークス
8%
キャピタルステークス
8%
ききょうステークス
8%
もみじステークス
8%
都大路ステークス
8%
吾妻小富士ステークス
8%
ポラリスステークス
8%
ステークス
8%
東風ステークス
8%
門司ステークス
8%
大和ステークス
8%
北九州短距離ステークス
8%
カーバンクルステークス
8%
京葉ステークス
8%
鳳雛ステークス
8%
谷川岳ステークス
8%
清流ステークス
8%
鞍馬ステークス
8%
ステークス
8%
伏龍ステークス
8%
洛陽ステークス
8%
すばるステークス
4%
オータムリーフステークス
4%
白富士ステークス
4%
アンドロメダステークス
4%
関門橋ステークス
4%
室町ステークス
4%
ギャラクシーステークス
4%
総武ステークス
4%
カトレアステークス
4%
ケフェウスステークス
4%
エニフステークス
4%
アイビーステークス
4%
関越ステークス
4%
コーラルステークス
4%
天王山ステークス
4%
ステークス
4%
カンナステークス
0%
オアシスステークス
0%
スレイプニルステークス
0%
ブリリアントステークス
0%
夕刊フジ杯オパールステークス
0%

Score Distribution

Percentile by Number Answered

Percent of People with Each Score

Your Score History

You have not taken this quiz